Nommez ces personnes célèbres - Quiz d'images #14 - Statistiques

Statistiques générales
  • Ce quiz a été pris 300 fois
  • Le résultat moyen est 7 sur 15
Statistiques - réponses
Par images Hint Réponse % Correct
Royaume-Uni Amy Winehouse
80%
Russie Mikhaïl Gorbatchev
75%
Australie Sia
75%
Canada Pamela Anderson
68%
Canada Ryan Gosling
67%
États-Unis Woody Allen
60%
Egypte / Palestine Yasser Arafat
50%
Italie Donatella Versace
45%
États-Unis Dolly Parton
31%
Kosovo Rita Ora
27%
Allemagne Nina Hagen
22%
Chili Salvador Allende
22%
Japon Shinzō Abe
22%
Philippines Corazon Aquino
9%
Royaume-Uni M.I.A
8%
Aucun quiz correspondant
Distribution des résultats
% des personnes avec chaque résultat
Percentile par nombre de réponses
Votre historique - résultats
Vous n’avez pas pris ce quiz